Gramática de la lengua castellana: según ahora se habla

সংরক্ষণ করুন:
গ্রন্থ-পঞ্জীর বিবরন
প্রধান লেখক: Salvá, Vicente (Author), Lliteras, Margarita (Author)
বিন্যাস: গ্রন্থ
ভাষা:স্প্যানিশ
প্রকাশিত: Madrid Arco Libros 1988
মালা:Colección Biblioteca philologica
বিষয়গুলি:
ট্যাগগুলো: ট্যাগ যুক্ত করুন
কোনো ট্যাগ নেই, প্রথমজন হিসাবে ট্যাগ করুন!

MARC

LEADER 00000nam a2200000 a 4500
001 UCX1825
003 CL-VaPUC
008 901109e19880000SP |||||||||||||||||spa|d
082 0 4 |a 465  |b SAL  |2 21 
100 0 |a Salvá, Vicente  |e author  |9 317522 
700 0 |a Lliteras, Margarita  |e author  |9 317523 
245 1 0 |a Gramática de la lengua castellana: según ahora se habla 
300 |a 2 v 
942 |c BK 
945 |d 19901109 00:00:00 
260 |a Madrid  |b Arco Libros  |c 1988 
650 0 |a Español gramática  |9 264564 
583 |a last modification  |c 19901109 00:00:00  |k Rodrigo Vera 
490 0 |a Colección Biblioteca philologica 
999 |c 222979  |d 222977 
952 |0 0  |1 0  |4 0  |6 465_000000000000000_SAL_1988  |7 0  |8 A  |9 218317  |a BIBEDU  |b BIBEDU  |d 2019-11-15  |h v.2  |i 2871580  |l 1  |o 465 SAL 1988  |p 2871580  |r 2022-05-05  |s 2022-05-05  |w 2019-11-15  |y BK  |k LIT